| 000 | 03224nas1a22003011i 4500 | ||
|---|---|---|---|
| 001 | RU\NLR\INFOCOMM16\1000021934 | ||
| 005 | 20260407215900.0 | ||
| 035 | _a(NLR Aleph) 002764098 | ||
| 090 |
_a2258691 _c2258691 |
||
| 100 | _a20040128c1975 |||y0rusy50 ca | ||
| 101 | 0 | _arus | |
| 102 | _aRU | ||
| 110 | _azyu||||0|y0 | ||
| 200 | 1 |
_aГенетические последствия загрязнения окружающей среды _eМатериалы Секции _fСекция "Генет. аспекты пробл."Человек и биосфера". Междувед. науч.-техн. совет по комплекс. пробл. охраны окружающей природ. среды и рацион. использ. природ. ресурсов при Гос. ком. Совета Министров СССР. Ин-т общ. генетики АН СССР |
|
| 210 |
_aМ. _aПг. _cМысль _d1975- |
||
| 712 | 0 | 2 |
_4570 _aМеждуведомственный научно-технический совет по комплексным проблемам охраны окружающей среды и рациональному использованию природных ресурсов _cМосква _3RU\NLR\AUTH\8810146046 _9786422 |
| 801 | 1 |
_aRU _bInfoComm _c20040128 |
|
| 801 | 0 |
_aRU _bNLR _gPSBO |
|
| 852 |
_aNLR _jП16/1474 _yс вып. 2 |
||
| 942 | _cSE | ||
| 980 | _aRUSPER | ||